[Event "British Chess Championships 2023: Junior Blitz Open"]
[Site "The Venue, De Montfort University, 20 Western Boulevard, Leicester, LE2 7BU"]
[Date "2023.07.27"]
[Round "9"]
[Board "1"]
[White "Badacsonyi, Stanley"]
[Black "Pert, Nina P"]
[Result "1-0"]
[WhiteElo "2231"]
[BlackElo "1735"]
[PlyCount "0"]
[EventDate "2023.07.27"]
[EventRounds "9"]
[EventCountry "ENG"]

1. d4 e6 2. Nc3 d5 3. Bf4 c5 4. e3 Nc6 5. Nb5 Rb8 6. Bxb8 Nxb8 7. Nf3 Nf6 8. Be2
h5 9. c4 Nc6 10. a3 Ne4 11. cxd5 exd5 12. dxc5 Bxc5 13. Nbd4 h4 14. Qc2 Qc7 15. Rc1
Bd7 16. Bd3 f5 17. Bxe4 fxe4 18. Qxc5 exf3 19. Nb5 Qa5+ 20. b4 fxg2 21. Rg1 Nxb4
22. Nd6+  1-0

[Event "British Chess Championships 2023: Junior Blitz Open"]
[Site "The Venue, De Montfort University, 20 Western Boulevard, Leicester, LE2 7BU"]
[Date "2023.07.27"]
[Round "9"]
[Board "2"]
[White "Dayal, Samar"]
[Black "Cancedda-Dupuis, Livio"]
[Result "1-0"]
[WhiteElo "1400"]
[BlackElo "1862"]
[PlyCount "0"]
[EventDate "2023.07.27"]
[EventRounds "9"]
[EventCountry "ENG"]

1. e4 c5 2. Nf3 e6 3. d4 cxd4 4. Nxd4 Nc6 5. Nc3 a6 6. Be3 Bb4 7. Be2 Nf6 8. f3 d5
9. O-O Bxc3 10. bxc3 dxe4 11. Nxc6 Qxd1 12. Raxd1 bxc6 13. fxe4 Nxe4 14. Bf3 f5 15.
Bxe4 fxe4 16. Rf4 Rf8 17. Rxe4 Rf5 18. c4 c5 19. g4 Rf7 20. Bxc5 Rd7 21. Rxe6+ Kd8
22. Bb6#  1-0

[Event "British Chess Championships 2023: Junior Blitz Open"]
[Site "The Venue, De Montfort University, 20 Western Boulevard, Leicester, LE2 7BU"]
[Date "2023.07.27"]
[Round "9"]
[Board "3"]
[White "Han, Yichen"]
[Black "Banerjee, Supratit"]
[Result "1-0"]
[WhiteElo "2355"]
[BlackElo "1918"]
[PlyCount "0"]
[EventDate "2023.07.27"]
[EventRounds "9"]
[EventCountry "ENG"]

1. d4 d5 2. c4 e6 3. Nc3 Nf6 4. Nf3 Be7 5. Bf4 O-O 6. e3 h6 7. Rc1 Ne4 8. Bd3 Nxc3
9. bxc3 c6 10. O-O Nd7 11. cxd5 cxd5 12. c4 Nf6 13. Ne5 Bd7 14. Qb3 Bc6 15. Nxc6
bxc6 16. Qb7 Qd7 17. Qxd7 Nxd7 18. cxd5 exd5 19. Rxc6 Nf6 20. Rc7 Bd8 21. Rc2 Bb6
22. Rfc1 Rfe8 23. Bb5 Red8 24. Ba6 Re8 25. h3 Re6 26. Rc8+ Rxc8 27. Rxc8+ Kh7 28.
Bd3+ g6 29. Be5 Ng8 30. a4 f6 31. Bg3 Ne7 32. Re8 Kg7 33. Bb5 Kf7 34. Bd7 Re4 35.
Bd6 h5 36. Ra8 f5 37. Be8+ Kg7 38. Be5+ Kh7 39. a5 Bxa5 40. Rxa7 Bb4 41. Bb5 f4 42.
Bd3 fxe3 43. Bxe4 e2 44. Ra1 dxe4 45. Bd6 Bxd6 46. Re1 Nf5 47. Rxe2 Nxd4 48. Rxe4
Nf5 49. Ra4 Bf8 50. Kf1 Nd6 51. Ke2 Nf5 52. Kf3 Bg7 53. Ra7 Kg8 54. Rb7 Nd4+ 55.
Ke4 Ne6 56. Kf3 Nd4+ 57. Ke4 Ne6 58. Ra7 Nc5+ 59. Kd5 Nd3 60. Ke6 Nf4+ 61. Ke7 Nxg2
62. Ra8+ Kh7 63. Kf7 Nf4 64. Ra6 g5 65. Ra3 Kh6 66. Ra6+ Kh7 67. Ra3 Bb2 68. Rb3
Bg7 69. Rf3 Ng6 70. Rf5 Ne5+ 71. Ke6 g4 72. hxg4 hxg4 73. Rg5 Kh6 74. Kf5 Nf7 75.
Rxg4 Nd6+ 76. Ke6 Nb5 77. Kf7 Nd6+ 78. Ke6 Nb5 79. f4 Nd4+ 80. Kf7 Nf5 81. Rg5 Nd6+
82. Ke6 Ne4 83. Rg2 Nc5+ 84. Kf7 Kh7 85. Rxg7 Kh8 86. Rg1 Ne4 87. Rh1+  1-0

[Event "British Chess Championships 2023: Junior Blitz Open"]
[Site "The Venue, De Montfort University, 20 Western Boulevard, Leicester, LE2 7BU"]
[Date "2023.07.27"]
[Round "9"]
[Board "4"]
[White "Pert, Max P"]
[Black "Patel, Zain"]
[Result "1-0"]
[WhiteElo "1614"]
[BlackElo "1919"]
[PlyCount "0"]
[EventDate "2023.07.27"]
[EventRounds "9"]
[EventCountry "ENG"]

1. d4 Nf6 2. Nc3 d5 3. Bf4 a6 4. e3 e6 5. Nf3 c5 6. Be2 Nc6 7. h3 Bd6 8. Bxd6 Qxd6
9. O-O O-O 10. dxc5 Qxc5 11. Na4 Qd6 12. Nb6 Rb8 13. Nxc8 Rbxc8 14. c3 e5 15. Qb3
Na5 16. Qc2 Nc4 17. Rfd1 Rfd8 18. b3 Nb6 19. Qb2 h6 20. c4 e4 21. Nd2 Qe7 22. Rac1
Nbd7 23. cxd5 Nxd5 24. Nc4 Nc5 25. Rxd5 Rxd5 26. Nb6 Rcd8 27. Nxd5 Rxd5 28. b4 Nd3
29. Rc8+ Kh7 30. Qb3 Rd8 31. Rxd8 Qxd8 32. Qxf7 Nxb4 33. Qxb7 Nxa2 34. Qxe4+ Kh8
35. Bxa6 Nc3 36. Qf3 Nd5 37. g3 Nf6 38. Kg2 Qd6 39. Be2 Qe5 40. Qa8+ Kh7 41. Bd3+
g6 42. Qb7+ Kh8 43. Qf7 Ne4 44. Qxg6 Ng5 45. Qxh6+ Kg8 46. Bc4+ Nf7 47. Qg6+ Qg7
48. Bxf7+  1-0

[Event "British Chess Championships 2023: Junior Blitz Open"]
[Site "The Venue, De Montfort University, 20 Western Boulevard, Leicester, LE2 7BU"]
[Date "2023.07.27"]
[Round "9"]
[Board "5"]
[White "Zhao, George"]
[Black "Kothari, Jai"]
[Result "1-0"]
[WhiteElo "1720"]
[BlackElo "1951"]
[PlyCount "0"]
[EventDate "2023.07.27"]
[EventRounds "9"]
[EventCountry "ENG"]

1. d4 Nf6 2. Nf3 d6 3. g3 Nbd7 4. Bg2 e5 5. dxe5 dxe5 6. O-O g6 7. c4 Bg7 8. Nc3
O-O 9. e4 c6 10. h3 Qc7 11. Be3 Re8 12. b4 a5 13. b5 Nb6 14. Bxb6 Qxb6 15. Re1 Qc7
16. a4 Be6 17. Qe2 cxb5 18. Nxb5 Qxc4 19. Qxc4 Bxc4 20. Nd6 Rec8 21. Nxc8 Rxc8 22.
Nxe5 Nh5 23. f4 Nxg3 24. Rac1 Bxe5 25. fxe5 Rc6 26. Kf2 Nh5 27. Rc3 Nf4 28. Kg3 Nxg2
29. Rec1 Ne3 30. Rxe3 Be6 31. Rxc6 bxc6 32. Rc3 Bd7 33. Rc5 Kf8 34. Rxa5 Ke7 35.
Ra6 Ke6 36. Kf4 h6 37. Rb6 g5+ 38. Ke3 Kxe5 39. a5 Bc8 40. a6 Bxa6 41. Rxa6 f5 42.
exf5 Kxf5 43. Rxc6 h5 44. Rc5+ Kg6 45. Kf3 Kf6 46. Ke4 Kg6 47. Rc6+ Kf7 48. Kf5 g4
49. hxg4 h4 50. Rc7+ Kg8 51. Kg6 Kf8 52. Kf6 Ke8 53. Rh7 h3 54. Rxh3 Kd8 55. Rh7
Kc8 56. Ke6 Kb8 57. Kd6 Ka8 58. Kc6 Kb8 59. g5 Kc8 60. Rh8#  1-0

[Event "British Chess Championships 2023: Junior Blitz Open"]
[Site "The Venue, De Montfort University, 20 Western Boulevard, Leicester, LE2 7BU"]
[Date "2023.07.27"]
[Round "9"]
[Board "6"]
[White "Lebedev, Lion"]
[Black "Babu, Rahul"]
[Result "0-1"]
[WhiteElo "1865"]
[BlackElo "1863"]
[PlyCount "0"]
[EventDate "2023.07.27"]
[EventRounds "9"]
[EventCountry "ENG"]

1. e4 c5 2. Nf3 e6 3. a3 a6 4. d4 cxd4 5. Nxd4 Qc7 6. Nc3 Nc6 7. Be3 Nf6 8. f3 b5
9. Qd2 Bb7 10. O-O-O Rc8 11. g4 h6 12. h4 Na5 13. Be2 Bxa3 14. bxa3 Qxc3 15. Qxc3
Rxc3 16. Bd2 Rxa3 17. Kb2 b4 18. Bxb4 Ra4 19. c3 d5 20. Rc1 dxe4 21. Bd1 Nc4+ 22.
Kb3 Nb6 23. Bc5 Bd5+ 24. Kb2 Ra2+ 25. Kb1 Na4 26. Bxa4+ Rxa4 27. g5 Nd7 28. Bb4 a5
29. Bd6 exf3 30. Kb2 Ra2+ 31. Kb1 f2 32. c4 Bxh1 33. Rxh1 Rd2 34. Nb5 Re2 35. Bg3
hxg5  0-1

[Event "British Chess Championships 2023: Junior Blitz Open"]
[Site "The Venue, De Montfort University, 20 Western Boulevard, Leicester, LE2 7BU"]
[Date "2023.07.27"]
[Round "9"]
[Board "7"]
[White "Burnton, Joshua"]
[Black "Zhu, Pengxiao"]
[Result "0-1"]
[WhiteElo "1733"]
[BlackElo "1759"]
[PlyCount "0"]
[EventDate "2023.07.27"]
[EventRounds "9"]
[EventCountry "ENG"]

1. e4 e5 2. Nc3 Nf6 3. f4 d5 4. fxe5 Nxe4 5. Qf3 Nc6 6. Bb5 Nxc3 7. dxc3 Be6 8. Ne2
Be7 9. O-O O-O 10. Bxc6 bxc6 11. Qg3 Re8 12. Bh6 g6 13. Rf2 Bh4 14. Qf3 Bxf2+ 15.
Qxf2 Qe7 16. Rf1 Bf5 17. Nd4 Qxe5 18. Nxf5 Qxf5 19. Qd4 Qe5 20. Qh4 f5 21. Bf4 Qe7
22. Qg3 Rab8 23. b4 Rbc8 24. Qf2 a5 25. Bd2 axb4 26. Re1 Qd7 27. cxb4 Rxe1+ 28. Qxe1
Re8 29. Qf2 d4 30. a4 d3 31. c4 Re2 32. Qf4 Re4 33. Qf2 Rxc4 34. a5 Qd4 35. a6 Qxf2+
36. Kxf2 Re4 37. Be3 Re8 38. Bc5 Kf7 39. Be3 Ke6 40. g3 Kd5 41. Kf3 Kc4 42. Bd2 Kb5
43. a7 Ra8 44. Be3 Kxb4 45. Bd2+ Kb3 46. Ke3 Kc2  0-1

[Event "British Chess Championships 2023: Junior Blitz Open"]
[Site "The Venue, De Montfort University, 20 Western Boulevard, Leicester, LE2 7BU"]
[Date "2023.07.27"]
[Round "9"]
[Board "8"]
[White "Kairat, Alexander"]
[Black "Verbytski, Oleg"]
[Result "0-1"]
[WhiteElo "1486"]
[BlackElo "1727"]
[PlyCount "0"]
[EventDate "2023.07.27"]
[EventRounds "9"]
[EventCountry "ENG"]

1. e4 c5 2. Nf3 d6 3. Bb5+ Bd7 4. Bxd7+ Qxd7 5. c4 Nf6 6. Nc3 e6 7. d4 cxd4 8. Nxd4
Nc6 9. O-O Be7 10. Be3 O-O 11. h3 a6 12. Rc1 Nxd4 13. Qxd4 b5 14. cxb5 axb5 15. a3
Qb7 16. f3 Rac8 17. Rfd1 Rfd8 18. Qd2 d5 19. e5 Nd7 20. f4 Nb6 21. Bxb6 Qxb6+ 22.
Kh1 Bc5 23. Ne2 b4 24. a4 Be3 25. Rxc8 Rxc8 26. Qd3 Rc4 27. f5 h6 28. f6 g6 29. Qb3
Bg5 30. Qd3 Qf2 31. Kh2 Bf4+ 32. Nxf4 Qxf4+ 33. Qg3 Qf5 34. a5 Qc2 35. Ra1 Qxb2 36.
Qe1 Rc2 37. Qg1 Rxg2+ 38. Qxg2 Qxe5+ 39. Qg3 Qxa1 40. Qb8+ Kh7 41. Qf8 Qxf6 42. a6
Qf2+ 43. Kh1 Qf1+ 44. Kh2 b3 45. a7 Qf2+ 46. Kh1 Qxa7 47. Qb4 Qe3 48. Qb7 Kg7 49.
Kg2 Qd2+ 50. Kg3 b2 51. Qb3 Qe1+ 52. Kg4 b1=Q  0-1

[Event "British Chess Championships 2023: Junior Blitz Open"]
[Site "The Venue, De Montfort University, 20 Western Boulevard, Leicester, LE2 7BU"]
[Date "2023.07.27"]
[Round "9"]
[Board "9"]
[White "Leung, Hao Ran"]
[Black "Sharma, Josh"]
[Result "1-0"]
[WhiteElo "1432"]
[BlackElo "1663"]
[PlyCount "0"]
[EventDate "2023.07.27"]
[EventRounds "9"]
[EventCountry "ENG"]

1. Nf3 Nf6 2. g3 g6 3. Bg2 Bg7 4. O-O O-O 5. d4 d6 6. b3 c5 7. e3 Nc6 8. Bb2 Bg4
9. Nbd2 Rc8 10. h3 Bxf3 11. Nxf3 cxd4 12. Nxd4 Nxd4 13. exd4 b6 14. c4 Qc7 15. Qe2
e6 16. Rac1 Qd7 17. Ba3 Rfd8 18. Rfd1 d5 19. c5 b5 20. Bf1 a6 21. Bb4 Qc6 22. Ba5
Rd7 23. a4 bxa4 24. Qxa6 Qxa6 25. Bxa6 Ra8 26. c6 Bh6 27. cxd7 Nxd7 28. Rc8+ Rxc8
29. Bxc8  1-0

[Event "British Chess Championships 2023: Junior Blitz Open"]
[Site "The Venue, De Montfort University, 20 Western Boulevard, Leicester, LE2 7BU"]
[Date "2023.07.27"]
[Round "9"]
[Board "10"]
[White "Roul, Tushar"]
[Black "Yu, Rock"]
[Result "1-0"]
[WhiteElo "1660"]
[BlackElo "1637"]
[PlyCount "0"]
[EventDate "2023.07.27"]
[EventRounds "9"]
[EventCountry "ENG"]

1. e4 c5 2. Nf3 a6 3. c3 b5 4. d4 e6 5. Be2 Bb7 6. Bd3 Nf6 7. Qe2 Be7 8. O-O O-O
9. Bg5 h6 10. Bxf6 Bxf6 11. e5 Be7 12. Be4 Bxe4 13. Qxe4 Ra7 14. Nbd2 d5 15. Qe2
Rd7 16. Rac1 Nc6 17. Nb3 c4 18. Nbd2 b4 19. Nb1 a5 20. Rfd1 Qb8 21. b3 cxb3 22. axb3
bxc3 23. Rxc3 Nb4 24. Rdc1 Qb7 25. Ne1 Ra8 26. Nd3 g6 27. Nc5 Bxc5 28. Rxc5 Kg7 29.
Na3 Qb6 30. Nb5 Rad8 31. Nd6 Rxd6 32. exd6 Rxd6 33. Rxa5 Qxa5 34. Qe5+ Kh7 35. Qxd6
Nd3 36. Rf1 Kg7 37. h3 Qc3 38. Qb6 Nf4 39. b4 Ne2+ 40. Kh1 Nxd4 41. Rb1 Qd3 42. Rg1
Qc4 43. Qc5 Qxc5 44. bxc5 Nc6 45. Rb1 d4 46. Rb6 Ne5 47. c6 Nxc6 48. Rxc6 e5 49.
Kg1 e4 50. Kf1 d3 51. Ke1 f5 52. Kd2 Kf7 53. h4 Ke7  1-0

[Event "British Chess Championships 2023: Junior Blitz Open"]
[Site "The Venue, De Montfort University, 20 Western Boulevard, Leicester, LE2 7BU"]
[Date "2023.07.27"]
[Round "9"]
[Board "11"]
[White "Nawalaniec, Adam"]
[Black "Mathur, Pranav"]
[Result "1-0"]
[WhiteElo "1614"]
[BlackElo "2026"]
[PlyCount "0"]
[EventDate "2023.07.27"]
[EventRounds "9"]
[EventCountry "ENG"]

1. e4 c5 2. Nf3 Nc6 3. c4 e5 4. d3 d6 5. Nc3 f5 6. g3 Nf6 7. Bg2 Be7 8. O-O fxe4
9. dxe4 O-O 10. a3 Bg4 11. h3 Bh5 12. Qd3 Nd4 13. Nd5 Nxd5 14. Nxd4 Nf4 15. Bxf4
cxd4 16. Bd2 Rc8 17. b3 Bg5 18. Kh2 Bxd2 19. Qxd2 Qb6 20. Qd3 Rf7 21. f4 Rcf8 22.
g4 exf4 23. gxh5 Qa5 24. Bf3 Qg5 25. Rg1 Qh4 26. Ra2 Qf6 27. Rd2 Qh6 28. Qxd4 Rf6
29. Rdg2 R8f7 30. Qd3 Kf8 31. e5 Re6 32. Bd5 f3 33. Bxe6 Qf4+ 34. Rg3 f2 35. Qxd6+
Re7 36. Rf1 Ke8 37. Qb8#  1-0

[Event "British Chess Championships 2023: Junior Blitz Open"]
[Site "The Venue, De Montfort University, 20 Western Boulevard, Leicester, LE2 7BU"]
[Date "2023.07.27"]
[Round "9"]
[Board "12"]
[White "Catabay, Mae C"]
[Black "Madhavan, Sanjith"]
[Result "0-1"]
[WhiteElo "1494"]
[BlackElo "1793"]
[PlyCount "0"]
[EventDate "2023.07.27"]
[EventRounds "9"]
[EventCountry "ENG"]

1. e4 c5 2. Nf3 Nc6 3. d4 cxd4 4. Nxd4 g6 5. Be3 Bg7 6. c4 Nf6 7. f3 O-O 8. Nc3 d6
9. Be2 a6 10. O-O Bd7 11. Qd2 Nxd4 12. Bxd4 Bc6 13. Nd5 Bxd5 14. cxd5 Rc8 15. Rac1
Qd7 16. Kh1 Rxc1 17. Rxc1 Rc8 18. Rxc8+ Qxc8 19. Qc3 Qxc3 20. bxc3 Nd7 21. Kg1 Bxd4+
22. cxd4 Kf8 23. Kf2 Ke8 24. Ke3 Kd8 25. Kd2 Kc7 26. Kc3 b5 27. Kb4 Kb6 28. g3 g5
29. Bd3 h5 30. f4 gxf4 31. gxf4 h4 32. e5 f6 33. exd6 exd6 34. Bf5 Nb8 35. Be6 a5+
36. Kb3 a4+ 37. Kc3 Ka5 38. Bc8 Kb6 39. a3 Ka5 40. h3 Kb6 41. f5 Ka5 42. Bb7 Kb6
43. Bc8 Kc7 44. Be6 Na6 45. Bf7 Kb6 46. Be8 Ka5 47. Bc6 b4+ 48. axb4+ Nxb4 49. Kc4
Nc2 50. Kd3 Ne1+ 51. Ke2 Nc2 52. Kd3 Na3 53. Kc3 Nb5+ 54. Kc4 a3 55. Kb3 Nxd4+ 56.
Kxa3 Nxc6 57. dxc6 Kb6 58. Kb4 Kxc6 59. Kc4 d5+ 60. Kd4 Kd6  0-1

[Event "British Chess Championships 2023: Junior Blitz Open"]
[Site "The Venue, De Montfort University, 20 Western Boulevard, Leicester, LE2 7BU"]
[Date "2023.07.27"]
[Round "9"]
[Board "13"]
[White "Schweitzer, Zubin"]
[Black "Marsden, Rupert"]
[Result "1-0"]
[WhiteElo "1495"]
[BlackElo "1707"]
[PlyCount "0"]
[EventDate "2023.07.27"]
[EventRounds "9"]
[EventCountry "ENG"]

1. e4 e6 2. d4 d5 3. Bd3 dxe4 4. Bxe4 Nf6 5. Bf3 Bd6 6. Nc3 O-O 7. Nge2 c6 8. O-O
e5 9. Bg5 h6 10. Bxf6 Qxf6 11. Ne4 Qe7 12. Nxd6 Qxd6 13. dxe5 Qxe5 14. Re1 Qxb2 15.
Qd3 Be6 16. Nd4 Rd8 17. c3 c5 18. Reb1 Qa3 19. Bxb7 cxd4 20. Bxa8 Na6 21. Qf3 Qxc3
22. Qxc3 dxc3 23. Be4 Nc5 24. Bc2 Rd2 25. Rb8+ Bc8 26. Rxc8+ Rd8 27. Rxd8#  1-0

[Event "British Chess Championships 2023: Junior Blitz Open"]
[Site "The Venue, De Montfort University, 20 Western Boulevard, Leicester, LE2 7BU"]
[Date "2023.07.27"]
[Round "9"]
[Board "14"]
[White "Sisupalan, Beni"]
[Black "Sasikumar, Srivathsan"]
[Result "0-1"]
[WhiteElo "1585"]
[BlackElo "1787"]
[PlyCount "0"]
[EventDate "2023.07.27"]
[EventRounds "9"]
[EventCountry "ENG"]

1. e4 c5 2. Nf3 Nc6 3. d4 cxd4 4. Nxd4 g6 5. Nc3 Bg7 6. Be3 Nf6 7. f3 O-O 8. Bc4
Qb6 9. Bb3 Nxe4 10. fxe4 Nxd4 11. Nd5 Qa5+ 12. c3 Nxb3 13. Nxe7+ Kh8 14. Qxb3 Qe5
15. Nxc8 Raxc8 16. O-O Qxe4 17. Bxa7 d5 18. Qxb7 f5 19. Qb6 Ra8 20. Qe3 Qc2 21. Bc5
Rfe8 22. Rf2 Qa4 23. Qd3 Qc6 24. Bd4 Qc4 25. Qxc4 dxc4 26. Bxg7+ Kxg7 27. Kf1 Ra5
28. Re2 Rb8 29. a3 Rab5 30. Rb1 Kf7 31. Kf2 Rb3 32. Rd1 Rxb2 33. Rd4 Rxe2+ 34. Kxe2
Rb2+ 35. Kf3 Rb3 36. Rxc4 Rxa3 37. Rc7+ Kf6 38. Kf2 Ke5 39. Rxh7 Rxc3 40. Re7+ Kf4
41. Re2 Rd3 42. g3+ Kg4 43. Kg2 Kg5 44. Rf2 Rd4 45. h4+ Kg4 46. Kh2 f4 47. gxf4 Rxf4
48. Rg2+ Kh5 49. Kg1 Rg4 50. Rxg4 Kxg4 51. Kg2 Kxh4 52. Kh2 Kg4 53. Kg2 g5 54. Kf2
Kh3 55. Kf1 Kh2 56. Kf2 g4 57. Kf1 g3 58. Ke2 g2 59. Kf3 g1=Q 60. Ke4 Qf2 61. Ke5
Kg3 62. Ke6 Qf4 63. Kd5 Qe3 64. Kd6 Kf4 65. Kd5 Qe5+ 66. Kc4 Qd6 67. Kc3 Qd5 68.
Kc2 Ke3 69. Kc3 Qc5+ 70. Kb3 Kd3 71. Ka4 Qb6 72. Ka3 Kc3 73. Ka2 Qb2#  0-1

[Event "British Chess Championships 2023: Junior Blitz Open"]
[Site "The Venue, De Montfort University, 20 Western Boulevard, Leicester, LE2 7BU"]
[Date "2023.07.27"]
[Round "9"]
[Board "15"]
[White "Gadiot, Ashton"]
[Black "Mittal, Aditya"]
[Result "0-1"]
[WhiteElo "1227"]
[BlackElo "1737"]
[PlyCount "0"]
[EventDate "2023.07.27"]
[EventRounds "9"]
[EventCountry "ENG"]

1. e4 e6 2. d4 d5 3. Nc3 Be7 4. Nf3 Nf6 5. e5 Nfd7 6. Ne2 c5 7. c3 b6 8. Ng3 Ba6
9. Bxa6 Nxa6 10. O-O cxd4 11. cxd4 O-O 12. Qd3 Nb4 13. Qe2 Rc8 14. Bd2 Rc2 15. Rac1
Rxb2 16. a3 Na2 17. Rb1 Rc2 18. Qd3 Qc7 19. Ne1 Rc4 20. Rb3 Nc1 21. Qf3 Nxb3 22.
Qxb3 Qd8 23. Qd3 b5 24. Nf3 f5 25. exf6 Bxf6 26. Re1 Re8 27. Nh5 e5 28. dxe5 Nxe5
29. Nxf6+ gxf6 30. Nxe5 Rxe5 31. Qg3+ Kf7 32. Rxe5 fxe5 33. Qxe5 Re4 34. Qf5+ Ke8
35. Qh5+ Kf8 36. Bh6+ Kg8 37. Qd1 Qd7 38. h3 Rc4 39. Be3 Qe6 40. Qd3 Qe4 41. Qd1
Kf7 42. Kh2 Qe5+ 43. g3 Rc3 44. Qh5+ Qg5  0-1

[Event "British Chess Championships 2023: Junior Blitz Open"]
[Site "The Venue, De Montfort University, 20 Western Boulevard, Leicester, LE2 7BU"]
[Date "2023.07.27"]
[Round "9"]
[Board "16"]
[White "Humphreys, Benjamin"]
[Black "Li, Xiaofan"]
[Result "0-1"]
[WhiteElo "1723"]
[BlackElo "1673"]
[PlyCount "0"]
[EventDate "2023.07.27"]
[EventRounds "9"]
[EventCountry "ENG"]

1. e4 c6 2. d4 d5 3. Nc3 dxe4 4. Nxe4 Nf6 5. Nxf6+ exf6 6. Nf3 Bd6 7. Bd3 O-O 8.
O-O h6 9. c3 Bg4 10. h3 Bxf3 11. Qxf3 Bc7 12. Qe4 g6 13. Bxh6 Re8 14. Qg4 Qd6 15.
f4 Kh7 16. Qh4 Rh8 17. Rae1 Nd7 18. Bf8+ Kg8 19. Bxd6 Rxh4 20. Bxc7 Rc8 21. Bd6 c5
22. dxc5 Nxc5 23. Bxc5 Rxc5 24. g3 Rxh3 25. Kg2 Rhh5 26. Rh1 Rhd5 27. Re8+ Kg7 28.
Reh8 f5 29. Be2 Rd2 30. Kf2 Rxb2 31. Rb8 Rxc3 32. Re1 Ra3 33. Ra1 a6 34. Kf1 Rxg3
35. Bxa6 Rh2 36. Ke1 bxa6  0-1

[Event "British Chess Championships 2023: Junior Blitz Open"]
[Site "The Venue, De Montfort University, 20 Western Boulevard, Leicester, LE2 7BU"]
[Date "2023.07.27"]
[Round "9"]
[Board "17"]
[White "Sedykh, Stakhey"]
[Black "Buckland, Louis"]
[Result "0-1"]
[WhiteElo "1832"]
[BlackElo "1651"]
[PlyCount "0"]
[EventDate "2023.07.27"]
[EventRounds "9"]
[EventCountry "ENG"]

1. e4 c6 2. d4 d5 3. exd5 cxd5 4. c4 Nf6 5. Nc3 Nc6 6. Nf3 Bg4 7. Be3 e6 8. c5 Qc7
9. h3 Bxf3 10. Qxf3 Be7 11. Bb5 O-O 12. O-O Rfd8 13. Bxc6 Qxc6 14. b4 a6 15. a4 b5
16. axb5 axb5 17. Qe2 Rab8 18. Ra5 Ne4 19. Nxe4 dxe4 20. Rfa1 f5 21. Ra6 Qd5 22.
R1a5 g5 23. g3 Bf6 24. Rxb5 Bxd4 25. Rxb8 Rxb8 26. Ra4 Qb3 27. Ra7 Bxe3 28. fxe3
Qxb4 29. Rc7 Qb1+ 30. Qf1 Qc2 31. Rc6 Rb1 32. Qxb1 Qxb1+ 33. Kf2 Qc2+ 34. Kg1 Qd1+
35. Kf2 Qd2+ 36. Kf1 Qxe3 37. Rc8+ Kf7 38. c6 Qf3+ 39. Ke1 e3 40. Rc7+ Kf6 41. Rd7
Qf2+ 42. Kd1 e2+ 43. Kc1 e1=R+ 44. Rd1 Rxd1+ 45. Kxd1 Qd4+ 46. Ke2 Qc4+ 47. Kf2 Qxc6
48. h4 gxh4 49. gxh4 e5 50. h5 Kg5 51. h6 Kg4 52. Ke3 f4+ 53. Kf2 Qf3+ 54. Kg1 Qe2
55. Kh1 Kg3 56. Kg1 Qd1#  0-1

[Event "British Chess Championships 2023: Junior Blitz Open"]
[Site "The Venue, De Montfort University, 20 Western Boulevard, Leicester, LE2 7BU"]
[Date "2023.07.27"]
[Round "9"]
[Board "18"]
[White "Ding, Yiwen"]
[Black "Whelan, Joseph"]
[Result "1-0"]
[WhiteElo "1664"]
[BlackElo "1675"]
[PlyCount "0"]
[EventDate "2023.07.27"]
[EventRounds "9"]
[EventCountry "ENG"]

1. d4 d5 2. c4 e6 3. Nc3 Nf6 4. Bg5 Bb4 5. Qc2 c6 6. a3 Qa5 7. Bxf6 Bxc3+ 8. bxc3
gxf6 9. cxd5 exd5 10. e3 Bf5 11. Bd3 Bxd3 12. Qxd3 Qc7 13. Nf3 Nd7 14. c4 Qa5+ 15.
Ke2 dxc4 16. Qxc4 Qb5 17. Qxb5 cxb5 18. Rab1 a6 19. Rhc1 Ke7 20. Rc7 Rhc8 21. Rbc1
Rxc7 22. Rxc7 Kd6 23. Rc2 Nb6 24. Nd2 a5 25. Ne4+ Ke7 26. Rc7+ Nd7 27. Nc5 Rd8 28.
Rxb7 b4 29. axb4 axb4 30. Nxd7 Rxd7 31. Rxb4 Ra7 32. Kf3 f5 33. Kf4 Ra2 34. Kg3 Kf6
35. Rb6+ Kg7 36. h4 h5 37. Rb8 Ra6 38. Rd8 Kf6 39. Kf4 Ra2 40. Kf3 Ke7 41. Rh8 Ra1
42. Rxh5 Ke6 43. Rh8 Rh1 44. h5 Kf6 45. h6 Kg6 46. Rg8+ Kh7 47. Rg7+ Kxh6 48. Rxf7
Kg6 49. Rd7 Rd1 50. d5 Kf6 51. Rd8 Ke7 52. Rh8 Rxd5 53. Rh5 Kf6 54. Kf4 Ra5 55. e4
Ra2 56. Rxf5+ Kg6 57. Kf3 Ra3+ 58. Kg4 Ra2 59. g3 Ra4 60. Kf4 Ra2 61. f3 Ra3 62.
Rc5 Kf7 63. g4 Ra2 64. Kf5 Ra3 65. f4 Rf3 66. Rc6 Rd3 67. Rc7+ Ke8 68. e5 Rd5 69.
g5 Kd8 70. Rh7 Rd4 71. g6 Ke8 72. Rf7 Rd5 73. Kf6 Rd4 74. f5 Ra4 75. g7 Rg4 76. Rf8+
Kd7 77. g8=Q Rxg8 78. Rxg8 Kc6 79. Rd8 Kc5 80. e6  1-0

[Event "British Chess Championships 2023: Junior Blitz Open"]
[Site "The Venue, De Montfort University, 20 Western Boulevard, Leicester, LE2 7BU"]
[Date "2023.07.27"]
[Round "9"]
[Board "19"]
[White "Wills, Jack"]
[Black "Rastogi, Nayan Keats"]
[Result "0-1"]
[WhiteElo "1655"]
[BlackElo "1434"]
[PlyCount "0"]
[EventDate "2023.07.27"]
[EventRounds "9"]
[EventCountry "ENG"]

1. d4 Nf6 2. Nf3 e6 3. c4 Bb4+ 4. Nc3 d5 5. e3 O-O 6. Bd2 c5 7. Be2 Nc6 8. O-O Bxc3
9. bxc3 b6 10. cxd5 exd5 11. dxc5 bxc5 12. c4 Bg4 13. cxd5 Nxd5 14. Qc2 Qe7 15. h3
Ncb4 16. Bxb4 Nxb4 17. Qc4 Be6 18. Qc3 Nd5 19. Qa3 Nb4 20. Rac1 Rfc8 21. Bc4 Bxc4
22. Rxc4 Rc7 23. Rfc1 Rac8 24. Qb3 h6 25. a3 Nd5 26. Qd3 Rd7 27. Qb3 Rb7 28. Qc2
Rbc7 29. Nd4 cxd4 30. Rxc7 Qxc7 31. Qxc7 Rxc7 32. Rxc7 Nxc7 33. exd4 Nb5 34. d5 Nxa3
35. Kf1 Kf8 36. Ke2 Ke7 37. Kd3 Kd6 38. Kd4 Nb5+ 39. Kc4 Nc7 40. f3 Nxd5 41. Kb5
Kc7 42. Ka6 Kb8 43. g4 Nc7+ 44. Ka5 a6 45. f4 Kb7 46. f5 f6 47. h4 Nd5 48. h5 Ne3
49. Kb4 Nxg4 50. Kc5 Ne3 51. Kd6 Nxf5+ 52. Ke6 a5 53. Kxf5 a4 54. Kg6 a3 55. Kxg7
a2 56. Kxh6 a1=Q 57. Kg6 Qe5 58. h6 Qe8+ 59. Kxf6 Qh8+ 60. Kg6 Kc7 61. Kg5 Qh7 62.
Kh5 Kd6 63. Kg5 Ke6 64. Kh5 Kf6 65. Kg4 Qxh6 66. Kg3 Qe3+ 67. Kg4 Ke5 68. Kh5 Qg1
69. Kh6 Kf6 70. Kh5 Qg5+  0-1

[Event "British Chess Championships 2023: Junior Blitz Open"]
[Site "The Venue, De Montfort University, 20 Western Boulevard, Leicester, LE2 7BU"]
[Date "2023.07.27"]
[Round "9"]
[Board "20"]
[White "Xu, Jiarui"]
[Black "Vaidyanathan, Adithya"]
[Result "1-0"]
[WhiteElo "1400"]
[BlackElo "1810"]
[PlyCount "0"]
[EventDate "2023.07.27"]
[EventRounds "9"]
[EventCountry "ENG"]

1. e4 c5 2. Nf3 Nc6 3. d3 d6 4. Nc3 g6 5. g3 Bg7 6. Bg2 Nf6 7. O-O O-O 8. Be3 e6
9. Re1 d5 10. Bxc5 Re8 11. exd5 Nxd5 12. Nxd5 Qxd5 13. Be3 Bxb2 14. Rb1 Bg7 15. c4
Qa5 16. Qc2 Rb8 17. d4 Bd7 18. Red1 Ne7 19. Qd2 Qxd2 20. Rxd2 Nf5 21. a3 b6 22. Bf4
Rbc8 23. Rc1 Bf8 24. Ne5 Bxa3 25. Ra1 Bb4 26. Rd3 Red8 27. Rxa7 Be8 28. Bg5 Rxd4
29. Rb3 Rd1+ 30. Bf1 Bf8 31. Rxb6 Bg7 32. Nf3 h6 33. Bf4 g5 34. Be5 f6 35. Bb2 Rxc4
36. Rxe6 Bf7 37. Rb6  1-0